000 01037nam a2200241Ia 4500
003 OSt
005 20220923221637.0
006 a|||||r|||| 00| 0
007 ta
008 220922b |||||||| |||| 00| 0 hin d
024 _a198,958
037 _cTextual
040 _aARTS
_cARTS
_bhin
041 _2hin
_ahin
082 _aP152:(x:8), 152N2
100 _aशर्मा, रधुनन्दनप्रसाद
245 0 _aप्रयोजनमूलक हिन्दी सिद्धान्त और व्यावहार सरकारी कामकाज में हिन्दी का प्रयोग
246 _aPrayojanamūlak hindī siddhānta aur vyāvahār sarakārī kāmakāj mean hindī kā prayoga
260 _aवाराणसी
_b विश्वरवधालय प्रकाशन
_c1992
300 _a337पृ.
_ccm.
942 _hP152:(x:8), 152N2
_cTEXL
_2CC
999 _c350741
_d350741